Top 20 Artistas/Bandas del siglo XX - Estadísticas

Estadísticas generales
  • Esta prueba ha sido intentada 34 veces
  • La puntuación promedio es 8 de 20
Estadísticas de respuestas
Ventas Auge Respuesta % Correcto
384.000.000 60s The Beatles
97%
235.000.000 80s Michael Jackson
90%
192.000.000 70s Queen
87%
201.000.000 60s The Rolling Stones
80%
170.000.000 80s AC/DC
67%
244.000.000 50s Elvis Presley
67%
202.000.000 80s Madonna
53%
167.000.000 70s Elton John
43%
203.000.000 70s Pink Floyd
40%
130.000.000 70s ABBA
33%
182.000.000 70s Led Zeppelin
30%
169.000.000 80s U2
30%
128.000.000 60s Bob Dylan
23%
186.000.000 50s Frank Sinatra
23%
138.000.000 80s Bruce Springsteen
13%
129.000.000 70s Billy Joel
10%
155.000.000 70s Eric Clapton
10%
154.000.000 70s Eagles
7%
139.000.000 60s Barbra Streisand
0%
171.000.000 90s Celine Dion
0%
No se encontraron pruebas coincidentes
Distribución de puntuación
Porcentaje de gente con cada puntuación
Porcentaje por número respondido
Historial de tus puntuaciones
No has intentado esta prueba.